Loading...
| Any History | 7 | 17.14 | 100% | 71% | 0% |
| Current Events | 5 | 24.00 | 100% | 100% | 40% |
| Fine Arts - Classical Music | 12 | 15.00 | 92% | 58% | 0% |
| Fine Arts - Other | 9 | 17.78 | 100% | 67% | 11% |
| Geography | 3 | 16.67 | 100% | 67% | 0% |
| History - American | 9 | 16.67 | 100% | 67% | 0% |
| History - European | 5 | 12.00 | 100% | 20% | 0% |
| History - World | 7 | 15.71 | 100% | 29% | 29% |
| Literature - American | 9 | 16.67 | 100% | 44% | 22% |
| Literature - British | 9 | 14.44 | 100% | 44% | 0% |
| Literature - European | 3 | 20.00 | 100% | 33% | 67% |
| Literature - World | 9 | 11.11 | 100% | 11% | 0% |
| Mythology | 2 | 20.00 | 100% | 50% | 50% |
| Other Academic | 2 | 20.00 | 100% | 100% | 0% |
| Painting & Sculpture | 8 | 15.00 | 100% | 38% | 13% |
| Philosophy | 10 | 16.00 | 100% | 50% | 10% |
| Religion | 8 | 17.50 | 100% | 75% | 0% |
| Science - Biology | 7 | 11.43 | 86% | 29% | 0% |
| Science - Chemistry | 8 | 10.00 | 88% | 13% | 0% |
| Science - Other | 7 | 17.14 | 100% | 71% | 0% |
| Science - Physics | 10 | 9.00 | 60% | 10% | 20% |
| Social Science | 11 | 17.27 | 100% | 64% | 9% |